000
00214nam a2200085Ia 4500
008
120527s9999 xx 000 0 und d
100
_a
COPELAND, J.G
245
_a
Conversacion reparo intermediate Spanish
942
_c
BK
999
_c
25473
_d
25473